Situación actual del valor de los granos básicos

Guardado en:
Bibliografiske detaljer
Institution som forfatter: Consejo Nacional de Producción. Departamento de Planificación y Programación
Format: Texto
Udgivet: San José: CNP
Tags: Tilføj Tag
Ingen Tags, Vær først til at tagge denne postø!

MARC

LEADER 00000 a a2200000 04500
001 16482
003
040
090 |a 012100  
110 |a Consejo Nacional de Producción. Departamento de Planificación y Programación  
245 |a Situación actual del valor de los granos básicos  
260 |a San José:   |b CNP  
300 |a 7 p  
999 |c 15129  |d 15129